История России #15: Петр Великий - Statistics

General Stats
  • This quiz has been taken 85 times
    32 since last reset
  • The average score is 17 of 53
Answer Stats
Вопрос Ответ % Correct
Указ о единонаследии 1714
60%
Создание Сената 1711
53%
Создание Кунсткамеры 1714
53%
Табель о рангах 1722
53%
Города, основанные Петром Iпомимо Петербурга Петрозаводск, Липецк,Таганрог, Екатеринбург, Кронштадт
50%
Указ о переходе на летоисчисление от Рождества Христова 1699
47%
Организаторы уральскойпромышленности, основоположники Екатеринбурга В.И. де Геннин, В.Н. Татищев
46%
Любовник Екатерины I, казненныйПетром I в 1724 Виллим Монс
45%
Место хранения головы любовникаЕкатерины I Кунсткамера
44%
Указ о престолонаследии 1722
44%
Введение подушной подати 1724
44%
Известный уральский промышленник, основоположник династии Н.Д. Антуфьев(в будущем Демидов)
44%
Архитектор Летнего дворца, здания12 коллегий, Петропавловского собора Доменико Трезини
40%
Первая губернская реформа 1708
40%
Крестьяне не принадлежавшие заводам, но прикрепленные к ним не деревнями, а поодиночке или семьями. Были на самообеспечении. Приписные крестьяне
38%
Количество коллегий к 1725 году 14
38%
Восстание Кондратия Булавина 1707-1708
38%
Смерть царевича АлексеяПетровича 1718
38%
Создание Главного Магистрата 1720
38%
Должность главы Святейшего Синода Обер-Прокурор
36%
Открытие Школы математическихи навигацких наук 1701
36%
Переезд царского двора в Санкт-Петербург 1712
36%
Количество губерний по первойгубернской реформе 8
36%
Газета, созданная Петром I Ведомости
35%
Создание прокуратуры 1722
35%
Низшая степень административно-территориального деления Дистрикт
33%
Введение рекрутского набора 1705
33%
Берг-привилегия 1719
33%
Создание Синода 1721
33%
Средняя степень административно-территориального деления Провинция
31%
Высшая степень административно-территориального деления Губерния
31%
Проповедник, сторонникцезаропапизма, организатор церковных реформ Феофан Прокопович
31%
Воинский устав 1716
31%
Категория крестьян закрепленная за заводами, созданная указом 1721 года. Обеспечивались работодателями Посессионныекрестьяне
31%
Глава провинции по второйгубернской реформе Воевода
29%
Количество провинций по второйгубернской реформе 50
29%
Литературное произведение, разъясняющее правила поведения в светском обществе, создано по указу Петра I Юности честноезерцало
29%
Сподвижники Петра, подавившиевосстание Кондратия Булавина В.В. Долгоруков,Ю.В. Долгоруков
29%
Глава Преображенского приказа,позже Тайной канцелярии Ф. Ю. Ромодановский
27%
Астраханское восстание 1705-1706
27%
Первая ступень начальногообразования Цифирная школа
25%
Создание Тайной канцелярии 1718
25%
Генеральный регламент 1720
25%
Первый генерал-прокурор П.И. Ягужинский
24%
Вторая губернская реформа 1719
21%
Местоблюститель патриаршего престола Стефан Яворский
20%
Башкирское восстание 1704-1711
20%
Категория крестьян, в которую были включены черносошные и сибирские крестьяне, однодворцы Государственныекрестьяне
20%
Создаваемые при Петре I объектыречной инфраструктуры Ладожский, Волго-Донской, Вышне- волоцкая система
20%
Придворный художник Петра I И.Н. Никитин
19%
Дело П.П. Шафирова 1723
19%
Закон, изданный в 1721, определивший правовое положение Церкви Духовный регламент
18%
Документ определивший организационное устройство и делопроизводство всех коллегий,
порядок их деятельности
Генеральный регламент
18%
Должность главы органа надзора, созданного в 1711 году Обер-фискал
14%
Скульптор, автор памятников Петру,А.Д. Меншикову, Анна Иоанновна Б.К. Растрелли
14%
Братья-граверы А.Ф. и И.Ф. Зубовы
14%
Предприятия, производящие большую часть вооружений на протяжении Северной войны Олонецкие заводы
13%
Человек, отправленный Петром I вШвецию для наблюдения за ее государственной системой Генрих Фик
12%
Создание первых коллегий 1717-1718
7%
No matching quizzes found
Score Distribution
Percent of People with Each Score
Percentile by Number Answered
Your Score History
You have not taken this quiz since the last reset